00651 2200229 4500001002100000005001700021008004100038020001900079035002900098040001200127082001500139084001600154100004500170245004700215250001100262260006100273300004200334700001800376990000900394990000900403990000900412INLIS00000000000256320140210083120.0  a-979-8150-20-1 a##a0010-021400000000444 aJIPDBWI04a613.9 [21] a613.9 ABD b0 aProf. Dr. Abdul bari saifudin spOGK, MPH aBuku Panduan Praktis Pelayanan Kontrasepsi aCet. I aJakartabYayasan Bina Pustaka Sarwono Prawirojarjoc2006 axxviii + I-5.;bilus.;c16 x 23,5 cm. aBiran Affandi a3494 a3493 a901a